| 000 | 01192nam a22003617a 4500 | ||
|---|---|---|---|
| 003 | CHAP | ||
| 005 | 20220817044441.0 | ||
| 008 | 110526s1993 mx a r 00010 spa d | ||
| 010 | _a101317 | ||
| 011 | _a102289 | ||
| 020 | _a9681613178 | ||
| 035 | _a112977 | ||
| 040 | _cCHAP | ||
| 082 | 0 | 4 |
_a339.5 _bEs65 |
| 100 | 1 |
_aEspinosa Villarreal Oscar _938009 |
|
| 245 | 1 | 3 |
_aEl impulso a la micro, pequeña y mediana empresa _c/por Óscar Espinosa Villarreal |
| 260 |
_aMéxico, D.F. : _bFCE, _c1993 |
||
| 300 |
_a152 p. : _bilus., Cuadros, gráfs. |
||
| 490 | _aUna visión de la modernización de México | ||
| 590 |
_aBATCH-UPD _b10 _c20130110 _lUCH01 _h1021 |
||
| 590 |
_aBATCH-UPD _b10 _c20130410 _lUCH01 _h0626 |
||
| 590 |
_aBATCH-UPD _b10 _c20130914 _lUCH01 _h1321 |
||
| 590 |
_aCONVERSION _b10 _c20130109 _lUCH01 _h1356 |
||
| 650 | 1 | 4 |
_aMacroeconomía. _969550 |
| 650 | 1 | 4 |
_aMicroeconomía. _975508 |
| 650 | 1 | 4 | _aModernidad. |
| 650 | 1 | 4 | _aPolítica económica. |
| 650 | 1 | 4 | _aReformas constitucionales. |
| 830 | 0 |
_aUna visión de la modernización de México _9116089 |
|
| 901 | _aBK | ||
| 942 | _cLIBRO | ||
| 949 |
_a339.5 Es65 _bBC _cLIBRO _d33724002253132 _eLIBRO _h115055 _i112977 _sb |
||
| 999 |
_c101317 _d101317 |
||